=LDR 00000nam 2200000 4500 =001 INLIS000000000045144 =005 20230605011322 =035 ##$$a 0010-121400000000294 =008 230605###########################0###### =020 ##$$a 978-979-007-307-4 =082 ##$$a 347.016 072 =100 ##$$a Ishaq =245 1#$$a Pendidikan Keadvokatan /$c Ishaq,S.H., M.Hum =260 ##$$a Jakarta :$b Sinar Grafika,$c 2012 =300 ##$$a XIV; 294 hlm ; $c 25 CM =850 ##$$aNBPNMAT =084 ##$$a 347.016 072 ISH p =990 ##$$a 0001/BPAP-NTB/20142014 =990 ##$$a 0001/BPAP-NTB/20142015 =990 ##$$a 0001/BPAP-NTB/20142015 =990 ##$$a 0214/BPAP-NTB/2015 =990 ##$$a 2090101237/BPAP-NTB/2015 =990 ##$$a 0001/BPAP-NTB/2015 =990 ##$$a 51900002 =990 ##$$a 01201901224